Dictionaire de poche francais-anglais et anglais francais = Pocket dictionary of thefranch and english languages
Uloženo v:
| Hlavní autor: | |
|---|---|
| Médium: | Kniha |
| Jazyk: | Undetermined |
| Vydáno: |
Leipzig, Alemania
Bernhard Tauchnitz
1921
|
| Vydání: | 38 edición |
| Témata: | |
| Tagy: |
Přidat tag
Žádné tagy, Buďte první, kdo vytvoří štítek k tomuto záznamu!
|
MARC
| LEADER | 00000nam a2200000Ia 4500 | ||
|---|---|---|---|
| 008 | 170316s9999 xx 000 0 und d | ||
| 040 | |a cru BVZT | ||
| 090 | |a R-413 W-1d FRAN-ING | ||
| 100 | |a Wessely, J. E. | ||
| 245 | |a Dictionaire de poche francais-anglais et anglais francais = Pocket dictionary of thefranch and english languages |c J. E. Wessely ; M. Eug. Heymann | ||
| 250 | |a 38 edición |b re-escritta, mejorada y ampliada | ||
| 260 | |a Leipzig, Alemania | ||
| 260 | |b Bernhard Tauchnitz | ||
| 260 | |c 1921 | ||
| 300 | |a 269 páginas | ||
| 650 | 0 | |a REFERENCIA |9 27 | |
| 650 | 0 | |a DICCIONARIO |9 28 | |
| 650 | 0 | |a FRANCÉS-INGLÉS |9 107 | |
| 942 | |c REF |2 z | ||
| 999 | |c 14727 |d 14727 | ||
